[Event "Jakarta zt"]
[Site "Jakarta"]
[Date "1993.??.??"]
[Round "7"]
[White "Barus, Cerdas"]
[Black "Johansen, Darryl Keith"]
[Result "1/2-1/2"]
[WhiteElo "2375"]
[BlackElo "2500"]
[Annotator "Hansen,LB"]
[PlyCount "62"]
[EventDate "1993.01.??"]
[EventType "swiss"]
[EventRounds "11"]
[EventCountry "INA"]
[SourceTitle "CBM 035"]
[Source "ChessBase"]
[SourceDate "1993.08.01"]
[SourceVersion "1"]
[SourceVersionDate "1993.08.01"]
[SourceQuality "1"]

1. d4 Nf6 2. c4 e6 3. Nf3 Bb4+ 4. Bd2 Qe7 5. g3 Nc6 6. Bg2 Bxd2+ 7. Qxd2 $6 {
A wellknown inaccuracy.The idea of 5..Nc6 is to force White to recapture with
the b1-N on d2 because of the pressure on d4.} Ne4 $1 8. Qc2 Qb4+ 9. Kf1 (9.
Nbd2 Nxd2 10. Qxd2 Qxc4 $15) (9. Nc3 Nxc3 10. Qxc3 Qxc3+ 11. bxc3 $15) 9... d5
10. cxd5 exd5 11. Nc3 Nf6 12. Rd1 Be6 13. h3 O-O $15 14. Kg1 Ne7 15. Kh2 c6 16.
Rhe1 Qd6 17. e3 Bf5 18. Qc1 Ne4 19. Rf1 Ng6 20. Kg1 Rfe8 21. Nxe4 Bxe4 22. Qc3
Re7 23. Rde1 Rae8 24. a4 h5 $1 25. b4 (25. h4 $6 Qf6 26. Nd2 Bxg2 27. Kxg2 Qf5
$17 {X Kg1;e4;g4}) 25... h4 26. g4 f5 $6 {X g5} (26... Qf6 27. Nh2 (27. Nd2
Bxg2 28. Kxg2 Nf4+ $1 29. Kh2 Ne6 $17 {/\Ng5;Qg6;f5-/+}) 27... Bxg2 28. Kxg2
Qe6 $17 {/\f5-/+}) 27. gxf5 Bxf5 28. Ng5 $1 Nf8 29. f4 $1 Qg6 30. Qd2 Nh7 31.
Nf3 Bxh3 $13 1/2-1/2

[Event "Beersheba"]
[Site "Beersheba"]
[Date "1993.??.??"]
[Round "5"]
[White "Chernin, Alexander"]
[Black "Kortschnoj, Viktor Lvovich"]
[Result "1-0"]
[WhiteElo "2615"]
[BlackElo "2625"]
[Annotator "Hansen,LB"]
[PlyCount "77"]
[EventDate "1993.??.??"]
[EventType "tourn"]
[EventRounds "11"]
[EventCountry "ISR"]
[EventCategory "12"]
[SourceTitle "CBM 038"]
[Source "ChessBase"]
[SourceDate "1994.02.01"]
[SourceVersion "1"]
[SourceVersionDate "1994.02.01"]
[SourceQuality "1"]

1. d4 {Dautov} Nf6 2. c4 e6 3. Nf3 Bb4+ 4. Bd2 c5 5. Bxb4 cxb4 6. g3 O-O 7. Bg2
d6 8. O-O Re8 9. a3 Qb6 (9... bxa3 10. Rxa3 Qc7 11. b3 a5 12. Nc3 Bd7 13. Qd2
Na6 $13 {Pushkov,N-Obukhov,A/Sochi/1993/} (13... Na6 {Dautov} 14. e4 Bc6 15. e5
dxe5 16. Nxe5 Bxg2 17. Nb5 Qe7 18. Kxg2 b6 19. Raa1 Qb7+ 20. Kg1 Red8 21. Rfd1
Nb4 $10 {->Pushkov-Obukhov/Sochi/1993})) (9... Nc6 10. d5 $5 (10. axb4 Nxb4 11.
Nc3 Bd7 $1 12. Qd2 a5 13. e4 e5 14. Rfe1 Rc8 15. b3 b5 $5 16. cxb5 Qb6 17. Rac1
(17. Bf1 $5 Bg4 18. dxe5 dxe5 19. Re3 (19. Nh4 $2 Qd4 $1 $17) 19... Be6 $5 {
/\ Ng4;Bb3} 20. Na4 Qb7 $132) 17... Bxb5 18. Nxb5 Rxc1 19. Qxc1 Qxb5 20. Bf1
Qb6 21. dxe5 dxe5 22. Bc4 h6 23. Qb2 Nc6 24. Qe2 Rd8 $15 {Gligoric,S-Cebalo,M/
Jugoslavija/1987/}) 10... exd5 11. cxd5 Ne7 12. Ne1 (12. axb4 Nexd5 13. b5 Bg4
$13 {Magerramov,E-Dizdar,G/Baku/1988/}) 12... bxa3 13. Rxa3 b5 14. b4 a5 $1 15.
bxa5 b4 16. Ra4 Rxa5 17. Rxb4 Nexd5 18. Rb2 Bf5 $10 {Nikolic,P-Kortchnoi,V/
Zagreb izt/1987/}) 10. axb4 (10. Qb3 Nc6 11. axb4 Nxb4 12. Rc1 a5 13. c5 $1
dxc5 14. Rxc5 Nd7 15. Rc1 e5 $5 16. Nbd2 Nc6 17. dxe5 Qxb3 18. Nxb3 Ndxe5 19.
Nxe5 Rxe5 20. e3 Rb5 21. Rxc6 $1 bxc6 (21... Rxb3 22. Rxa5 $1 $18) 22. Bxc6
Rxb3 23. Bxa8 Bh3 $1 24. Bg2 Bxg2 25. Kxg2 Rxb2 26. Rxa5 g6 27. g4 $1 $16 {
Zueger,B-Gostisa,L/Mitropa Cup/1993/}) (10. Qd2 Nc6 11. axb4 Nxb4 12. Nc3 Bd7
13. e4 e5 $2 14. c5 $1 Qc7 $8 (14... dxc5 $2 15. dxe5 $18) 15. cxd6 Qxd6 16.
dxe5 Qxd2 17. Nxd2 Ng4 (17... Rxe5 18. f4) 18. f4 Ne3 19. Rf2 Nxg2 20. Kxg2
Rec8 21. Nd5 Nxd5 22. exd5 Rc5 23. d6 $18 {Teran,I-Adler,J/Antwerpen-Wch stud/
1992/}) 10... Qxb4 11. Na3 Na6 $6 $146 (11... Bd7 $5 12. Qd3 Bc6 13. Nc2 Qb6
14. Nd2 (14. b4 $1 {Dautov >=} Be4 15. Qb3 Bxc2 16. Qxc2 Nc6 17. c5 $14) 14...
Bxg2 15. Kxg2 Nc6 16. b4 e5 17. e3 exd4 18. exd4 a6 19. Rab1 Ne7 20. Rfe1 Qc7
$13 {Horvath,C-Obukhov,A/Kobanya op/1992/}) 12. Ne1 $1 Qb6 (12... Bd7 13. Nd3
Qb6 14. b4 $1 $16 {/\} (14. e3 $14 {Dautov /\} e5 15. c5 dxc5 16. Nc4) 14...
Nxb4 $2 (14... Qxd4 $2 15. Bxb7 $16) 15. c5 dxc5 16. dxc5 Qa5 17. Nc2 $18) 13.
c5 $1 $16 Qd8 (13... dxc5 $2 14. Nc4 Qc7 (14... Qb5 15. Nd6 $18) (14... Qb4 15.
Ra4 Qb5 16. Nd6 $18) 15. Rxa6 $18) 14. cxd6 Qxd6 15. Nc4 Qc7 16. Qb3 {/\ Ra6}
Nd5 (16... Rb8 {Dautov} 17. Nd3 Bd7 18. Rfc1 $16) 17. Nd3 Qd8 (17... Bd7 {
Dautov} 18. Rfc1 $16 {/\Na5}) 18. Rfc1 Re7 19. Qa3 $1 {X d6} Nac7 20. Nd6 a6
21. e4 Nb6 22. Ne5 Ne8 (22... f6 {Dautov} 23. Qc5 $1 (23. Nec4 Nxc4 24. Rxc4
Nb5 25. Nxb5 axb5 26. Qxa8 bxc4 27. d5 $14) (23. Nd3 Rd7 24. e5 Nb5 $132) 23...
Ne8 24. Nec4 Nxc4 25. Nxc4 b5 26. Nb6 (26. Na5 $16) 26... Rc7 27. Nxa8 Rxc5 28.
dxc5 Bb7 29. Nb6 $16) 23. Nxe8 Rxe8 24. Qb4 $1 a5 (24... f6 {Dautov} 25. Nd3
Bd7 26. Nc5 Bc6 27. Qb3 Kf7 28. Bh3 $18) 25. Qc3 {X a5} f6 26. Nd3 Kh8 27. h4
$1 Nd7 (27... Bd7 {Dautov} 28. Rxa5 $18) (27... a4 {Dautov} 28. Nc5 $16) 28. e5
$1 fxe5 29. dxe5 $18 Ra7 30. Nf4 Nf8 (30... b6 31. Nxe6 $1 $18) (30... Ra6 {
Dautov} 31. Qxc8 Qxc8 32. Rxc8 Rxc8 33. Bxb7 Rca8 34. b4 a4 35. Nxe6 $18) 31.
Qc7 Ra6 $6 (31... Bd7 $142 32. Qxd8 Rxd8 33. Rc7 $18) (31... Qd4 {Dautov} 32.
Qxc8 Rxc8 33. Rxc8 $18) 32. Qxd8 Rxd8 33. Rxc8 $1 Rxc8 34. Bxb7 Rca8 35. Bxa6
Rxa6 36. Ra4 $1 {/\ b4} Rb6 37. Rxa5 Kg8 (37... Rxb2 38. Ra8 $18) 38. Ra8 Kf7
39. Ra7+ (39. Ra7+ {Dautov} Kg8 40. Nh5 $18) 1-0

[Event "ISL-FRA"]
[Site "Reykjavik"]
[Date "1993.??.??"]
[Round "1"]
[White "Thorsteins, Karl"]
[Black "Prie, Eric"]
[Result "1/2-1/2"]
[WhiteElo "2480"]
[BlackElo "2470"]
[Annotator "Hansen,LB"]
[PlyCount "52"]
[EventDate "1993.??.??"]
[EventType "schev"]
[EventRounds "10"]
[EventCountry "ISL"]
[SourceTitle "CBM 035"]
[Source "ChessBase"]
[SourceDate "1993.08.01"]
[SourceVersion "1"]
[SourceVersionDate "1993.08.01"]
[SourceQuality "1"]

1. d4 e6 2. c4 Bb4+ 3. Bd2 Qe7 4. Nf3 (4. e4 $5) 4... Nf6 5. g3 Bxd2+ (5... Nc6
) (5... O-O) 6. Qxd2 Ne4 $6 (6... O-O) 7. Qc2 Qb4+ 8. Nbd2 Nxd2 9. Nxd2 Nc6 10.
e3 Qe7 11. Bg2 e5 12. d5 Nb4 13. Qc3 O-O 14. O-O (14. a3 Na6 15. b4 $14) 14...
Na6 15. f4 $1 d6 16. f5 $14 {()} Nc5 17. b4 Nd7 18. g4 $6 (18. e4 $14) (18. Ne4
$5 Nf6 19. Qd2 $14 {/\Qe2;g4}) 18... Qh4 $1 19. h3 h5 $1 $132 20. Nf3 Qg3 $1
21. Qe1 Qxe1 22. Rfxe1 hxg4 23. hxg4 Nf6 24. Nh2 g6 25. e4 gxf5 26. gxf5 Rd8
$10 {/\Kf8-e7=} 1/2-1/2

[Event "Tel Aviv ASA"]
[Site "Tel Aviv"]
[Date "1996.??.??"]
[Round "7"]
[White "Lev, Ronen"]
[Black "Zoler, Dan"]
[Result "1-0"]
[WhiteElo "2465"]
[BlackElo "2460"]
[Annotator "Har Zvi,R"]
[PlyCount "87"]
[EventDate "1996.08.??"]
[EventType "tourn"]
[EventRounds "9"]
[EventCountry "ISR"]
[EventCategory "8"]
[SourceTitle "CBM 055 Extra"]
[Source "ChessBase"]
[SourceDate "1997.01.01"]
[SourceVersion "1"]
[SourceVersionDate "1997.01.01"]
[SourceQuality "1"]

1. d4 Nf6 2. Nf3 e6 3. c4 Bb4+ 4. Nbd2 b6 5. a3 Bxd2+ 6. Bxd2 Bb7 7. Bg5 h6 8.
Bh4 d6 9. e3 Nbd7 10. Nd2 Qe7 11. f3 (11. Be2 e5 (11... c5 12. Bf3 (12. f3)
12... Bxf3 13. Qxf3 d5 $1 14. O-O O-O 15. Rac1 (15. cxd5 exd5 16. dxc5 bxc5 17.
Rac1 Rac8 18. Rc2 Qe6 19. Rfc1 Ne5 20. Qe2 Nfd7 $13 {/=/+ Fyllingen,
R-Petursson,M Gausdal 1995}) 15... Rac8 16. Rc3 cxd4 17. exd4 Qd6 18. Bg3 Qc6
$1 19. Rfc1 dxc4 20. Qxc6 Rxc6 21. Rxc4 Rxc4 22. Rxc4 Nd5 $15 {Lputian,
S-Ulibin,M European Club Cup 1993 Balatonbereny 1993}) (11... g5 12. Bf3 c6 13.
Bg3 e5 (13... h5 14. h4 g4 15. Be2 c5 16. O-O e5 17. b4 O-O 18. Bd3 Ne8 19. Bf5
Ng7 $13 {Malaniuk,V-Adams,M New-York PCA (active) 1994}) 14. O-O Kf8 15. b4 Kg7
16. Qc2 Rhe8 17. c5 d5 18. dxe5 Nxe5 19. Be2 b5 20. Bxe5 Qxe5 21. Nf3 $16 {
/+- Hjartarson,J-Backlund,R Eikram mem op Guasdal 1996}) 12. d5 (12. Bf3 e4 13.
Be2 $14 c6 14. Qc2 Qe6 15. h3 Rc8 16. b4 O-O 17. a4 a6 18. Bg3 $14 {/+/-
Lputian,S-Drasko,M Jugoslavija team ch 1991}) 12... a5 (12... g5 13. Bg3 Nc5
14. Qc2 (14. h4 $14 {Hjartarson,J}) 14... a5 15. h4 Rg8 16. hxg5 hxg5 17. Rh6
Kf8 18. O-O-O b5 $13 {Hjartarson,J-Arnason,J Akurryri 1988}) 13. e4 (13. f3 a4
14. O-O Nc5 15. Qc2 O-O 16. Ne4 Ncxe4 17. fxe4 g5 18. Be1 Bc8 19. Bd3 Nd7 20.
Bb4 {Kozul,Z-Cebalo,M Maribor Pirc 1994}) 13... a4 14. f3 Nc5 15. Qc2 Bc8 (
15... c6 $5) 16. O-O g5 (16... Bd7 17. Rae1 $14) 17. Bf2 Bd7 18. Rae1 $1 $14 {
Hjartarson,J-Cebalo,M Linares 65/469 [Hjartarson,J] 1996}) 11... e5 (11... g5
12. Bf2 O-O-O 13. Qc2 Kb8 14. e4 $13 {Rayner,F-Adams,M Blackpool zt 1990}) 12.
d5 a5 (12... g5 13. Bg3 e4 14. f4 a5 15. b3 a4 16. Be2 (16. b4 b5) 16... b5 17.
O-O $14 {Kiss,P-Magyar,O Hun-chT2 9293 1993}) 13. b3 Nf8 (13... a4 14. b4 b5
15. e4 $1 $16) 14. Bd3 Ng6 15. Bf2 O-O 16. Qc2 Qe8 17. h4 $1 {very quickly
white got the initiative,not the plan is h5-Bh4} c6 18. dxc6 Bxc6 19. h5 Ne7
20. Bh4 Nd7 21. Ne4 Nf5 22. Nf6+ $1 Nxf6 23. Bxf5 Bd7 (23... Nxh5 24. g4 $1
Bxf3 (24... g5 25. Bxg5 (25. Bf2 $6 Nf6 26. Rxh6 Kg7) 25... hxg5 26. Rxh5 $18)
25. Rh3 $18) 24. Bxf6 gxf6 25. Rd1 $16 {/+-} Rd8 (25... a4 $5) 26. Kf2 Bxf5 27.
Qxf5 Qe6 28. Qg4+ $1 Qxg4 $6 (28... Kh8) 29. fxg4 Rfe8 30. Kg3 Kf8 31. Rhf1 Re6
32. Rd5 $6 (32. a4) 32... Rc8 (32... a4 {for a long long time black could have
and probably should have played this move,giving white a weakness his "c" pawn
but when he played 32...Rc8 the threat was already clear and white did not
allow it}) 33. a4 $1 Ke7 34. Rb5 Rc6 35. Kf3 Kd7 36. Ke4 Kc7 37. g5 $1 {
a well timed break through white's passed "h" pawn will decide the,it is quite
impossible to defend an endgame with so many weaknesses on both sides of the
board} hxg5 38. h6 Kb7 39. Rh1 Rc8 40. h7 Rh8 41. Kf5 e4 (41... Kc7 42. Rh6 Kc6
43. e4 Kc7 44. Rd5 Kc6 45. Rd3 Kd7 46. Re3 Ke7 47. Reh3 {and black has no move
to play!}) 42. Rd5 Kc6 43. Rh6 Kd7 44. Rd4 {and black resigned Rxe4 is simply
winning} 1-0

[Event "RUS-ch 68th"]
[Site "Chita"]
[Date "2015.08.12"]
[Round "4"]
[White "Vitiugov, Nikita"]
[Black "Tomashevsky, Evgeny"]
[Result "1/2-1/2"]
[WhiteElo "2719"]
[BlackElo "2747"]
[Annotator "Havasi,G"]
[PlyCount "69"]
[EventDate "2015.08.09"]
[EventType "tourn"]
[EventRounds "11"]
[EventCountry "RUS"]
[EventCategory "18"]
[SourceTitle "CBM 168"]
[Source "ChessBase"]
[SourceDate "2015.09.14"]
[SourceVersion "1"]
[SourceVersionDate "2015.09.14"]
[SourceQuality "1"]

1. d4 Nf6 2. c4 e6 3. Nf3 Bb4+ 4. Bd2 Qe7 5. g3 Bxd2+ 6. Qxd2 Nc6 (6... d6 {
is the most popular.}) 7. Nc3 (7. b3 {was played by Bacrot} d5 8. Bg2 O-O 9.
O-O dxc4 10. bxc4 e5 11. d5 Nb8 12. Nc3 Nbd7 {1/2 (34) Bacrot,E (2729)
-Ivanchuk,V (2726) Linares ESP 2014}) 7... d5 8. Ne5 (8. Bg2 {is another move}
dxc4 9. Ne5 Nxe5 10. dxe5 Nd7 11. Qd4 Qc5 12. Qxc5 Nxc5 13. O-O-O Nd7 14. f4
Ke7 15. Rd4 Nb6 16. Rhd1 Rb8 17. Ne4 Bd7 18. Nc5 $14 {1-0 (31) Caruana,F (2829)
-Dragun,K (2547) London ENG 2014}) (8. cxd5 exd5 9. Bg2 O-O 10. O-O Re8 $13 {
1-0 (52) Bologan,V (2661)-Vitiugov,N (2742) Dubai UAE 2014}) 8... dxc4 (8...
O-O 9. Bg2 dxc4 10. Nxc6 bxc6 {transposes to the game.}) 9. Nxc6 bxc6 10. Bg2
O-O $1 {This is the exact move.} (10... Bd7 11. Na4 e5 12. Rc1 $14) 11. O-O (
11. Bxc6 Rb8 12. O-O Rd8 13. Rfd1 e5 14. d5 Bd7 $13 {1/2 (33) Guo Qi (2451)
-Van Kampen,R (2602) Caleta ENG 2014}) 11... Rb8 12. Rfd1 (12. Bxc6 {
treansposes to 11.Bxc6.}) 12... c5 (12... Rd8 {Vitiugov also played this with
Black} 13. Qc2 Ba6 14. Ne4 Nxe4 15. Bxe4 g6 16. Bxc6 Qb4 17. Rab1 Rd6 18. Bf3
Qa5 $132 {0-1 (59) Goganov,A (2575)-Vitiugov,N (2729) Nizhny Novgorod 2013})
13. Na4 $146 {A prepared novelty.} (13. d5 exd5 14. Nxd5 Nxd5 15. Bxd5 Be6 16.
Bxe6 Qxe6 $13 {1/2 (30) Demuth,A (2488)-Bukavshin,I (2593) Nancy FRA 2014})
13... cxd4 14. Qxd4 Bd7 $1 15. Qxa7 (15. Qxc4 Bxa4 16. Qxa4 Rxb2 $132) 15...
Nd5 $1 (15... Bxa4 16. Qxa4 Rxb2 17. Qxc4 $14 {and the e2-P is defended.}) 16.
Nc3 (16. e4 Bxa4 (16... Ra8 17. Qc5 $1) 17. Qxa4 Nb4 $132) 16... Bc6 $6 (16...
Rxb2 17. Bxd5 exd5 18. Qxc7 Rc2 19. Rxd5 Rxc3 $132) 17. Qd4 $1 $14 Ba8 {
Preparing ...c5.} 18. e4 (18. Rd2 c5 19. Qxc4 Rb4 20. Nxd5 (20. Qa6) 20... exd5
21. Qc2 $14) 18... Nxc3 19. bxc3 (19. Qxc3 f5 20. exf5 Bxg2 21. Kxg2 Rxf5 22.
Rd2 $14) 19... Qa3 $1 20. Qxc4 Rb6 $1 {...with the plan of ...Rc6.} 21. Rd3 $6
(21. e5 $1 Bxg2 22. Kxg2 $14) 21... Bc6 $1 22. Qd4 (22. Rdd1 $5 Rfb8 $132)
22... h6 $1 {...with the plan of Rfb8.} 23. e5 Bxg2 24. Kxg2 Rb2 $132 {Black
managed to equalise.} 25. Rd2 Rfb8 26. h4 h5 27. Kg1 g6 28. c4 Rb1+ 29. Rxb1
Rxb1+ 30. Rd1 Qxa2 31. Rxb1 Qxb1+ 32. Kg2 Qb7+ 33. Kg1 Qb1+ 34. Kg2 Qb7+ 35.
Kg1 1/2-1/2

[Event "Platonov Memorial"]
[Site "Kiev"]
[Date "1995.??.??"]
[Round "5"]
[White "Mikhalevski, Victor"]
[Black "Koutsin, Sergey"]
[Result "0-1"]
[WhiteElo "2495"]
[BlackElo "2455"]
[Annotator "Hecht,H"]
[PlyCount "74"]
[EventDate "1995.??.??"]
[EventType "tourn"]
[EventRounds "13"]
[EventCountry "UKR"]
[EventCategory "10"]
[SourceTitle "CBM 051"]
[Source "ChessBase"]
[SourceDate "1996.04.01"]
[SourceVersion "1"]
[SourceVersionDate "1996.04.01"]
[SourceQuality "1"]

1. d4 d5 2. c4 c6 3. Nf3 e6 4. Bg5 Be7 5. Bxe7 Qxe7 6. e3 Nf6 7. Nc3 O-O 8. Bd3
dxc4 9. Bxc4 c5 10. O-O Rd8 11. Qe2 cxd4 12. exd4 Nc6 13. Rad1 Bd7 14. Rfe1
Rac8 15. Ne5 Be8 16. Nxc6 bxc6 17. Ba6 Rb8 18. b3 Rd6 19. Rd2 Rbd8 20. Red1 c5
21. d5 Kf8 22. Bc4 exd5 23. Qxe7+ Kxe7 24. Nxd5+ Nxd5 25. Rxd5 Rxd5 26. Rxd5
Rxd5 27. Bxd5 Kd6 28. Bc4 Ke5 29. Kf1 Kd4 30. Ke2 Bc6 31. g3 f6 32. Bd3 g6 33.
Bb1 Be4 34. Bxe4 Kxe4 {[#] B-B: Raum, Opposition} 35. f4 (35. f3+ Kd4 36. Kd2
h5 37. h3 g5 38. h4 gxh4 39. gxh4 f5 40. a3 f4 41. a4 a5 $19) 35... h5 36. a4
a5 37. Kd2 Kd4 $19 0-1

[Event "Schwarzach op-A"]
[Site "Schwarzach"]
[Date "1997.08.30"]
[Round "8"]
[White "Hecht, Hans Joachim"]
[Black "Zoler, Dan"]
[Result "1-0"]
[WhiteElo "2405"]
[BlackElo "2465"]
[Annotator "Hecht,H"]
[PlyCount "67"]
[EventDate "1997.08.23"]
[EventType "swiss"]
[EventRounds "9"]
[EventCountry "AUT"]
[SourceTitle "CBM 060"]
[Source "ChessBase"]
[SourceDate "1997.09.29"]
[SourceVersion "1"]
[SourceVersionDate "1997.09.29"]
[SourceQuality "1"]

1. d4 Nf6 2. Nf3 e6 3. c4 Bb4+ 4. Bd2 Bxd2+ 5. Qxd2 O-O 6. Nc3 d5 7. e3 Qe7 8.
Rd1 Rd8 9. Qc2 a6 10. e4 dxe4 11. Nxe4 Nc6 12. Nxf6+ Qxf6 13. Qe4 Qg6 14. Bd3
Nb4 15. Qxg6 hxg6 16. Bb1 Bd7 17. Ne5 Nc6 18. Be4 Nxe5 19. dxe5 Ba4 20. b3
Rxd1+ 21. Kxd1 Rd8+ 22. Ke2 Bc6 23. Bxc6 bxc6 24. Rd1 Rxd1 25. Kxd1 {[%csl Ra6,
Gc5,Rc6][%cal Rb3b4,Rd1c2,Rc2c3,Rc3d4,Rd4c5,Rc2b3,Rb3a4,Ra4a5] [#] Die weißen
Vorteile: a) mehr Raum; b) die weitaus bessere Bauernstruktur, c) sehr viel
mehr Bauernzüge. In der Ausgangsposition verfügt Schwarz nur über 5 Bauernzüge,
Weiß aber über 10. d) Leichte Angriffsziele am Damenflügel, insbesondere gegen
den Bc6 via Kc5 und Ba6 via Ka5, e) Durchbruchsmöglichkeit am Königsflügel 
(siehe Übung der Nr.10). Diese Positionsvorteile erlauben das Urteil: Weiß
gewinnt, insbeondere dann, wenn sein König c5 erreicht.} g5 (25... Kf8 26. b4
Ke7 27. Kc2 Kd7 28. Kc3 {[%cal Rc3d4,Rd4c5]} c5 (28... Kc8 29. Kd4 Kb7 30. Kc5
{mit Gewinn infolge Zugzwang}) 29. b5 Kc8 (29... a5 30. Kb3 $18 {[%cal Rb3a4,
Ra4a5]}) (29... axb5 30. cxb5 $18 {[%cal Rc3c4]}) 30. bxa6 Kb8 31. h4 Ka7 32.
f4 Kxa6 33. g4 Ka5 (33... Kb6 34. g5 Kc6 35. a4 Kb6 36. f5 exf5 37. h5 gxh5 38.
g6 fxg6 39. e6 Kc6 40. e7 Kd7 41. a5 h4 42. a6 h3 43. a7 $18) 34. g5 Ka4 35. f5
{[%cal Rf5f6,Rh4h5]} exf5 36. h5 {[%cal Rh5h6]} gxh5 37. g6 fxg6 38. e6 $18 {
siehe die Übung (Nr. 11)}) (25... Kh7 26. g4 (26. h4 $2 g5 27. hxg5 Kg6 28. f4
Kf5 29. g3 Kg4) 26... Kh6 27. h4 g5 28. h5 g6 29. hxg6 Kxg6 30. Kd2 f6 (30...
f5 31. f3 fxg4 32. fxg4 Kf7 33. Kc3 c5 34. b4 Ke7 35. b5 Kd7 (35... a5 36. Kb3
Kd7 37. Ka4 Kc8 38. Kxa5 Kb7 39. b6 cxb6+ (39... c6 40. a3 Kb8 41. Ka6 Ka8 42.
b7+ Kb8 43. a4 Kc7 44. Ka7 $18) 40. Kb5 Kc7 41. a4 Kb7 42. a5 $18) 36. Kb3 Kc8
(36... c6 37. b6 Kc8 38. Ka4 Kb8 39. Ka5 Kb7 40. a4 Kb8 41. Kxa6 Ka8 42. b7+
Kb8 43. a5 $18) 37. bxa6 Kb8 38. Ka4 c6 39. Ka5 Ka7 40. a3 $18) 31. Kd3 fxe5
32. Ke4 Kf6 33. c5 Kf7 34. Kxe5 Ke7 35. b4 Kf7 36. f4 gxf4 37. Kxf4 Kf6 38. g5+
$18 {entfernter Freibauer}) (25... f6 26. Kc2 fxe5 27. Kc3 Kf7 28. Kb4 Kf6 29.
Ka5 e4 30. Kxa6 Ke5 31. Kb7 Kd4 32. a4 Kd3 33. a5 Ke2 34. a6 Kxf2 35. a7 e3 36.
a8=Q e2 37. Qf8+ Kxg2 38. Qb4 Kf1 39. Kxc7 e1=Q 40. Qxe1+ Kxe1 41. Kxc6 $18)
26. b4 Kf8 (26... Kh7 27. Kc2 Kg6 28. g4 f6 29. Kd3 (29. Kb3 fxe5 30. Ka4 e4
31. Ka5 Kf6 32. Kxa6 Ke5 33. Kb7 $13) 29... fxe5 30. Ke4 Kf6 31. c5 Kf7 32.
Kxe5 Ke7 33. f4 gxf4 34. Kxf4 Kf6 35. h4 {Gewinn infolge des entfernten
Freibauern bzw. Zugzwang} e5+ 36. Ke4 Ke6 37. g5 g6 38. a3 $18) 27. Kc2 Ke7 28.
Kc3 {[%csl Rc6][%cal Rc3d4,Rd4c5]} c5 29. b5 Kd7 (29... a5 30. Kb3 $18) (29...
axb5 30. cxb5 $18 {[%cal Rc3c4]}) 30. g4 Kc8 31. bxa6 Kb8 32. Kd3 f6 (32... Ka7
33. f4 gxf4 34. h4 Kxa6 35. h5 $18 {[%cal Rg4g5,Rh5h6]}) 33. f4 Ka7 (33... gxf4
34. exf6 gxf6 35. h4 $18) 34. f5 {Ein weiterer Bauerndurchbruch gibt Schwarz
den Rest} 1-0

[Event "Dresden zt 1.2"]
[Site "Dresden"]
[Date "1998.05.08"]
[Round "10"]
[White "Kortschnoj, Viktor Lvovich"]
[Black "Zelcic, Robert"]
[Result "0-1"]
[WhiteElo "2625"]
[BlackElo "2540"]
[Annotator "Hecht,H"]
[PlyCount "206"]
[EventDate "1998.04.28"]
[EventType "swiss"]
[EventRounds "11"]
[EventCountry "GER"]
[SourceTitle "CBM 065"]
[Source "ChessBase"]
[SourceDate "1998.08.06"]
[SourceVersion "1"]
[SourceVersionDate "1998.08.06"]
[SourceQuality "1"]

1. d4 Nf6 2. c4 e6 3. Nf3 Bb4+ 4. Bd2 Qe7 5. g3 Nc6 6. Nc3 Bxc3 7. Bxc3 Ne4 8.
Rc1 d6 9. d5 Nxc3 10. Rxc3 Nb8 11. dxe6 fxe6 12. Bg2 O-O 13. O-O a5 14. Nd4 Kh8
15. Qd2 e5 16. Nb5 Nc6 17. Re3 Be6 18. b3 a4 19. f4 axb3 20. axb3 Qd7 21. Ref3
Rf6 22. fxe5 Rxf3 23. Bxf3 Bh3 24. Rc1 Nxe5 25. Bxb7 Rf8 26. Bg2 Bxg2 27. Kxg2
Ng4 28. Nd4 Rf2+ 29. Kg1 Qf7 30. Ra1 h6 31. Qd3 Qe8 32. Nf3 Rxe2 33. Ra8 Qxa8
34. Qxe2 Qa7+ 35. Kg2 Ne3+ 36. Kh3 Qc5 37. g4 h5 38. gxh5 Qxh5+ 39. Kg3 Qg6+
40. Kf2 Ng4+ 41. Kf1 c5 42. h4 Qf5 43. Qe8+ Kh7 44. Kg2 Nf6 45. Qe3 Ne4 46. Kf1
Kg6 47. Ke1 Kh5 48. Qe2 Qg4 49. Qe3 Kg6 50. Qd3 Kf5 51. Qe3 Qg3+ 52. Kd1 Qg2
53. Ke1 Qh1+ 54. Ke2 g6 55. Qg1 Qxg1 56. Nxg1 Kf4 57. Kd3 Ng3 58. Nh3+ Ke5 59.
Kc3 Ne2+ 60. Kd2 Nf4 61. Ng5 Ng2 62. Nf7+ Ke6 63. Ng5+ Kf6 64. Nf3 Kf5 65. Kc3
Kf4 66. Ng5 Nxh4 67. Nh7 g5 68. b4 g4 69. b5 g3 70. b6 g2 71. b7 g1=Q 72. b8=Q
Qc1+ 73. Kd3 Qd1+ 74. Kc3 Qc1+ 75. Kd3 Nf5 76. Qe8 Qd1+ 77. Kc3 Qd4+ 78. Kb3
Qd3+ 79. Ka4 Qxc4+ 80. Ka5 Qb4+ 81. Ka6 Qa3+ 82. Kb7 Qb2+ 83. Kc6 Qg2+ 84. Kb6
Qb2+ 85. Kc6 Qe5 86. Qf7 Qe4+ 87. Kb6 Qb4+ 88. Ka6 c4 89. Nf6 Qc5 90. Nd5+ Ke5
91. Nb6 Qa3+ 92. Kb7 Qf3+ 93. Kc7 d5 94. Nxc4+ Kd4 95. Nb6 Qf4+ 96. Kd8 Qd6+
97. Nd7 Ke4 98. Qf6 d4 99. Qxd6 Nxd6 {[#]} 100. Kc7 (100. Nc5+ Ke3 101. Kd7 Ne4
102. Na4 Kd2 (102... d3 103. Nb2 d2 104. Nc4+ $11) 103. Nb6 {Analyse! Compare
this with the study endgame Hecht-Goehring (Number 20). Here, the White pieces
are further away from the enemy. For that reason, Black should win by means of
...d3 with an eventual ...Ke1/c1. Analyse! Vergleichen Sie bitte mit dem
Studienendspiel Hecht - Göhring (Nr.20). Hier stehen die weißen Figuren weiter
weg vom Feind. Deshalb sollte Schwarz mit d3 nebst evtl. Ke1/c1 gewinnen.})
100... Kd5 101. Nb6+ Kc5 102. Nd7+ Kb5 103. Kxd6 d3 0-1